000 01403nam a2200337 a 4500
999 _c529492
_d529492
001 2407591
003 NUST
005 20190926153224.0
008 870917s1986 dcua b 000 0 eng
010 _a 86051171
020 _a0309044014 (pbk.) :
_c$8.40
038 _aMSOHAIL
040 _aDLC
_cDLC
_dDLC
050 0 0 _aTP884.A3
_bH35 1986
082 0 0 _a666.893
_219
100 1 _aHalstead, Woodrow J.
_921490
245 1 0 _aUse of fly ash in concrete /
_cWoodrow J. Halstead ; topic panel, Carl F. Crumpton ... [et al.] ; research sponsored by the American Association of State Highway and Transportation Officials in cooperation with the Federal Highway Administration.
260 _aWashington, D.C. :
_bTransportation Research Board, National Research Council,
_c1986.
300 _a66 p. :
_bill. ;
_c28 cm.
440 0 _aSynthesis of highway practice,
_x0547-5570 ;
_v127
_921664
500 _a"October 1986."
504 _aIncludes bibliographies.
650 0 _aConcrete
_xAdditives.
_9565
650 0 _aFly ash.
_921233
700 1 _aCrumpton, Carl F.
_921665
710 2 _aAmerican Association of State Highway and Transportation Officials.
_919553
710 1 _aUnited States.
_bFederal Highway Administration.
_920149
710 2 _aNational Research Council (U.S).
_bTransportation Research Board.
_919676
906 _a7
_bcbc
_corignew
_d3
_eocip
_f19
_gy-gencatlg
942 _2ddc
_cBK